Central Library OPAC University of Rajshahi

اقبال کا تصوّر زمان و مکان ;;;; kā taṣavvur-i zamān o makān̲ / (Record no. 84864)

MARC details
000 -LEADER
fixed length control field 00801nam a22002177a 4500
001 - CONTROL NUMBER
control field 84864
003 - CONTROL NUMBER IDENTIFIER
rucl marc code BD-RjUL
005 - DATE AND TIME OF LATEST TRANSACTION
control field 20250427143204.0
008 - FIXED-LENGTH DATA ELEMENTS--GENERAL INFORMATION
fixed length control field 250427s1930 pk a 000 0 urd
035 ## - SYSTEM CONTROL NUMBER
System control number (BD-RjUL) 84864
040 ## - CATALOGING SOURCE
Original cataloging agency DLC
Transcribing agency DLC
Language of cataloging eng
041 ## - LANGUAGE CODE
Language code of text/sound track or separate title eng
082 ## - DEWEY DECIMAL CLASSIFICATION NUMBER
Edition number 23
Classification number 891.43914
Author mark and year SIT 1930
100 1# - MAIN ENTRY--PERSONAL NAME
Personal name صديقي، مريض الدین، ;; Siddiqui, M. Raziuddin.
9 (RLIN) 15342
245 10 - TITLE STATEMENT
Title اقبال کا تصوّر زمان و مکان ;;;; kā taṣavvur-i zamān o makān̲ /
Statement of responsibility, etc. Raz̤īuddīn Ṣiddīqī.زرضی الدین صدیقی ., ،,
260 ## - PUBLICATION, DISTRIBUTION, ETC. (IMPRINT)
Place of publication, distribution, etc. Laāhaur :
Name of publisher, distributor, etc. Iqbāl Akaiḍīmī,
Date of publication, distribution, etc. 1930
300 ## - PHYSICAL DESCRIPTION
Pagination ii, 80 p. ;
Size 18 cm.
600 10 - SUBJECT ADDED ENTRY--PERSONAL NAME
Personal name Iqbal, Muhammad,
Titles and other words associated with a name Sir,
Dates associated with a name 1877-1938
General subdivision Criticism and interpretation.
942 ## - ADDED ENTRY ELEMENTS (KOHA)
Source of classification or shelving scheme Dewey Decimal Classification
Koha item type Books
Holdings
Lost status Source of classification or shelving scheme Damaged status Not for loan Collection code Permanent Location Current Location Shelving location Date acquired Source of acquisition Total Checkouts Full call number Date last seen Copy number Koha item type
  Dewey Decimal Classification   Not For Loan Non-fiction Central Library, University of Rajshahi Central Library, University of Rajshahi Reading Room 05/08/1954 S.A. Kegan   U 891.43914 SIT 1930 27/04/2025 C-1 Books